000
00207nam a2200085Ia 4500
005
20250523150954.0
008
250523s9999 xx 000 0 und d
245
0
_a
Ormandan Gelen Ses
_c
Jack London
260
_b
ALTIN
999
_c
11917
_d
11917